000 00384cam a22001337a 4500
008 180718b2007 xxu||||| |||| 00| 0 eng d
020 _a8131406911
082 _aB3 R145c
245 _aCase studies on public policy
_cedited by Priyanka Ramgopal
260 _aHyderabad
_bICFAI Books
_c2007
300 _a238p.
650 _aPublic policy - Case studies.
700 _aRamgopal, Priyanka
999 _c407936
_d407936